|
|
|
|
| LEADER |
03214nam a22004815i 4500 |
| 001 |
978-3-642-28288-1 |
| 003 |
DE-He213 |
| 005 |
20151111021254.0 |
| 007 |
cr nn 008mamaa |
| 008 |
120525s2012 gw | s |||| 0|eng d |
| 020 |
|
|
|a 9783642282881
|9 978-3-642-28288-1
|
| 024 |
7 |
|
|a 10.1007/978-3-642-28288-1
|2 doi
|
| 040 |
|
|
|d GrThAP
|
| 050 |
|
4 |
|a QD410-412.5
|
| 072 |
|
7 |
|a PNND
|2 bicssc
|
| 072 |
|
7 |
|a SCI013040
|2 bisacsh
|
| 082 |
0 |
4 |
|a 547.05
|2 23
|
| 245 |
1 |
0 |
|a Organometallics and Renewables
|h [electronic resource] /
|c edited by Michael A.R. Meier, Bert M. Weckhuysen, Pieter C. A. Bruijnincx.
|
| 264 |
|
1 |
|a Berlin, Heidelberg :
|b Springer Berlin Heidelberg :
|b Imprint: Springer,
|c 2012.
|
| 300 |
|
|
|a XII, 228 p.
|b online resource.
|
| 336 |
|
|
|a text
|b txt
|2 rdacontent
|
| 337 |
|
|
|a computer
|b c
|2 rdamedia
|
| 338 |
|
|
|a online resource
|b cr
|2 rdacarrier
|
| 347 |
|
|
|a text file
|b PDF
|2 rda
|
| 490 |
1 |
|
|a Topics in Organometallic Chemistry,
|x 1436-6002 ;
|v 39
|
| 505 |
0 |
|
|a Lucas Montero de Espinosa and Michael A. R. Meier: Olefin Metathesis of Renewable Platform Chemicals -- Pieter C. A. Bruijnincx, Robin Jastrzebski, Peter J. C. Hausoul, Robertus J. M. Klein Gebbink, and Bert M. Weckhuysen: Pd-Catalysed Telomerisation of 1,3-Dienes with Multifunctional Renewable Substrates - Versatile Routes for the Valorisation of Biomass-Derived Platform Molecules -- A Behr, A. J. Vorholt: Hydroformylation and related reactions of renewable resources -- Ties J. Korstanje, Robertus J.M. Klein Gebbink: Catalytic oxidation and deoxygenation of renewables with rhenium complexes -- Antoine Buchard, Clare M. Bakewell, Jonathan Weiner and Charlotte K. Williams: Recent Developments In Catalytic Activation Of Renewable Resources For Polymer Synthesis.
|
| 520 |
|
|
|a Lucas Montero de Espinosa and Michael A. R. Meier: Olefin Metathesis of Renewable Platform Chemicals.- Pieter C. A. Bruijnincx, Robin Jastrzebski, Peter J. C. Hausoul, Robertus J. M. Klein Gebbink, and Bert M. Weckhuysen: Pd-Catalysed Telomerisation of 1,3-Dienes with Multifunctional Renewable Substrates - Versatile Routes for the Valorisation of Biomass-Derived Platform Molecules.- A Behr, A. J. Vorholt: Hydroformylation and related reactions of renewable resources.- Ties J. Korstanje, Robertus J.M. Klein Gebbink: Catalytic oxidation and deoxygenation of renewables with rhenium complexes.- Antoine Buchard, Clare M. Bakewell, Jonathan Weiner and Charlotte K. Williams: Recent Developments In Catalytic Activation Of Renewable Resources For Polymer Synthesis.
|
| 650 |
|
0 |
|a Chemistry.
|
| 650 |
|
0 |
|a Organometallic chemistry.
|
| 650 |
|
0 |
|a Catalysis.
|
| 650 |
1 |
4 |
|a Chemistry.
|
| 650 |
2 |
4 |
|a Organometallic Chemistry.
|
| 650 |
2 |
4 |
|a Catalysis.
|
| 700 |
1 |
|
|a Meier, Michael A.R.
|e editor.
|
| 700 |
1 |
|
|a Weckhuysen, Bert M.
|e editor.
|
| 700 |
1 |
|
|a Bruijnincx, Pieter C. A.
|e editor.
|
| 710 |
2 |
|
|a SpringerLink (Online service)
|
| 773 |
0 |
|
|t Springer eBooks
|
| 776 |
0 |
8 |
|i Printed edition:
|z 9783642282874
|
| 830 |
|
0 |
|a Topics in Organometallic Chemistry,
|x 1436-6002 ;
|v 39
|
| 856 |
4 |
0 |
|u http://dx.doi.org/10.1007/978-3-642-28288-1
|z Full Text via HEAL-Link
|
| 912 |
|
|
|a ZDB-2-CMS
|
| 950 |
|
|
|a Chemistry and Materials Science (Springer-11644)
|